000 00986cam a2200313Ii 4500
008
020 _a9780128013830 (pbk.)
049 _aMAIN
090 _aQH450
_bEPI
245 0 4 _aThe epigenome and developmental origins of health and disease /
_cedited by Cheryl S. Rosenfeld.
300 _axvii, 542 p. :
_bill. (chiefly col.) ;
_c24 cm.
500 _aIncludes index.
504 _aIncludes bibliographical references.
650 0 _aEpigenetics.
650 0 _aDevelopmental biology.
650 0 _aDiseases
_xCauses and theories of causation.
650 0 _aMedical genetics.
650 0 _aHuman genome.
650 0 _aDisease susceptibility.
650 1 2 _aEpigenesis, Genetic.
650 2 2 _aEmbryology.
650 2 2 _aPrenatal Exposure Delayed Effects.
700 1 _aRosenfeld, Cheryl S.
907 _a.b10389970
_b06-03-18
_c06-03-18
003
005 20230123141107.0
040 _cNUST
942 _cBOOKS
_kQH450
_mEPI
999 _c167564
_d167564